Tìm hiểu về dấu hiệu chia hết và một số dạng toán ứng dụng dấu hiệu chia hết trong chương trình Toán Tiểu học

Nghiên cứu lí luận làm cơ sở cho việc xây dựng và phát triển lí thuyết chia hết trong chương trình Toán Tiểu học. Tìm hiểu về dấu hiệu chia hết trong chương trình Toán Tiểu học. Đưa ra các dạng bài tập ứng dụng dấu hiệu chia hết trong chương trình Toán Tiểu học. Kiểm chứng khả năng nắm kiến thức về...

Mô tả đầy đủ

Đã lưu trong:
Chi tiết về thư mục
Tác giả chính: Nguyễn Thị Minh Trang
Tác giả khác: Nguyễn Nam Hải Th.S (Hướng dẫn)
Định dạng: Sách
Ngôn ngữ:Vietnamese
Được phát hành: Đà Nẵng Đại học Sư phạm, Đại học Đà Nẵng 2012
Những chủ đề:
Các nhãn: Thêm thẻ
Không có thẻ, Là người đầu tiên thẻ bản ghi này!
Thư viện lưu trữ: Mạng thư viện Đại học Đà Nẵng
LEADER 01900nam a2200325 4500
001 000016774
003 13183
005 20130104080131.0
008 121226s2012 viesd
041 0 |a vie 
082 |a 372.7  |b NG-T 
100 1 |a Nguyễn Thị Minh Trang 
245 0 |a Tìm hiểu về dấu hiệu chia hết và một số dạng toán ứng dụng dấu hiệu chia hết trong chương trình Toán Tiểu học  |c Nguyễn Thị Minh Trang 
260 |a Đà Nẵng  |b Đại học Sư phạm, Đại học Đà Nẵng  |c 2012 
300 |a 64 tr., Phụ lục 4 tr.  |c 29 cm.  |e Đĩa CD, tài liệu tóm tắt 
500 |a Khóa luận tốt nghiệp đại học. Chuyên ngành: Sư phạm Tiểu học 
504 |a Mục lục đầu trang, tài liệu tham khảo tr. 73 - 74, phụ lục [13 tr.] 
520 |a Nghiên cứu lí luận làm cơ sở cho việc xây dựng và phát triển lí thuyết chia hết trong chương trình Toán Tiểu học. Tìm hiểu về dấu hiệu chia hết trong chương trình Toán Tiểu học. Đưa ra các dạng bài tập ứng dụng dấu hiệu chia hết trong chương trình Toán Tiểu học. Kiểm chứng khả năng nắm kiến thức về dấu hiệu chia hết trong chương trình Toán Tiểu học bằng thực nghiệm sư phạm. 
653 |a Khoa Tiểu học Mầm Non 
700 |a Nguyễn Nam Hải  |c Th.S  |e Hướng dẫn 
OWN |a LSP 
AVA |a UDN50  |b LSP  |d 372.7 NG-T  |e available  |t Error 5001 Not defined in file expand_doc_bib_avail.  |f 1  |g 0  |h N  |i 0  |k 1 
999 |a From the UDN01 
AVA |a UDN50  |b LSP  |d 372.7 NG-T  |e available  |t Error 5001 Not defined in file expand_doc_bib_avail.  |f 1  |g 0  |h N  |i 0  |k 1 
TYP |a Monograph 
TYP |a Printed language 
980 |a Mạng thư viện Đại học Đà Nẵng